PRINCIPLES & PRACTICE OF SURGERY (Record no. 3200)

MARC details
000 -LEADER
fixed length control field 00360nam a2200145Ia 4500
008 - FIXED-LENGTH DATA ELEMENTS--GENERAL INFORMATION
fixed length control field 150201s1990 xx 000 0 und d
082 ## - DEWEY DECIMAL CLASSIFICATION NUMBER
Classification number 617.5
Item number P1990F
100 ## - MAIN ENTRY--PERSONAL NAME
Personal name FOREST,A.P.M.
245 ## - TITLE STATEMENT
Title PRINCIPLES & PRACTICE OF SURGERY
250 ## - EDITION STATEMENT
Edition statement 2ND
260 ## - PUBLICATION, DISTRIBUTION, ETC. (IMPRINT)
Name of publisher, distributor, etc. CHURCHILL LIVINGSTONE
Place of publication, distribution, etc. EDINBURGH
Date of publication, distribution, etc. 1990
300 ## - PHYSICAL DESCRIPTION
Extent 1-729
650 ## - SUBJECT ADDED ENTRY--TOPICAL TERM
Topical term or geographic name as entry element SURGERY
942 ## - ADDED ENTRY ELEMENTS (KOHA)
Source of classification or shelving scheme Dewey Decimal Classification
Koha item type Books
Holdings
Withdrawn status Lost status Source of classification or shelving scheme Damaged status Not for loan Home library Current library Date acquired Source of acquisition Cost, normal purchase price Serial Enumeration / chronology SGTU Bill Number Total Checkouts Full call number Barcode Date last seen Date last checked out Bill Date Koha item type
    Dewey Decimal Classification     SGT Dental Library SGT Dental Library 10/03/2005 U.B.S.DELHI 8.30 1 SGTU 1305 2 617.5 P1990F FD3258 05/04/2019 05/04/2019 23/04/2012 Books
    Dewey Decimal Classification     SGT Dental Library SGT Dental Library 10/03/2005 U.B.S.DELHI 8.30 1 SGTU 1305   617.5 P1990F FD3259 09/02/2015   23/04/2012 Books
    Dewey Decimal Classification     SGT Dental Library SGT Dental Library 10/03/2005 U.B.S.DELHI 8.30 1 SGTU 1305   617.5 P1990F FD3260 09/02/2015   23/04/2012 Books
    Dewey Decimal Classification     SGT Dental Library SGT Dental Library 10/03/2005 U.B.S.DELHI 8.30 1 SGTU 1305   617.5 P1990F FD3261 09/02/2015   23/04/2012 Books
    Dewey Decimal Classification     SGT Dental Library SGT Dental Library 10/03/2005 U.B.S.DELHI 8.30 1 SGTU 1305 1 617.5 P1990F FD3262 11/09/2018 11/09/2018 23/04/2012 Books